[Event "Madrid-chT 2324"]
[Site "Madrid"]
[Date "2024.01.21"]
[Round "6.2"]
[White "Sanz Wawer, Daniel"]
[Black "Suarez Uriel, Adrian"]
[Result "1/2-1/2"]
[WhiteElo "2396"]
[BlackElo "2365"]
[PlyCount "115"]
[EventDate "2023.11.19"]
[EventType "team-tourn"]
[EventRounds "14"]
[EventCountry "ESP"]
[SourceTitle "AjedrezenMadrid"]
[Source "lmi"]
[SourceDate "2023.11.19"]
[SourceVersion "1"]
[SourceVersionDate "2024.03.19"]
[SourceQuality "1"]
[WhiteTeam "Alcorcon Diagonal"]
[BlackTeam "Collado Villalba"]
[WhiteTeamCountry "ESP"]
[BlackTeamCountry "ESP"]

1. d4 Nf6 2. Nf3 g6 3. Bf4 d6 4. e3 Nh5 5. Bg5 h6 6. Bh4 g5 7. Nfd2 Ng7 8. Bg3
Nf5 9. c3 Bg7 10. e4 Nxg3 11. hxg3 c5 12. d5 O-O 13. Na3 e6 14. dxe6 Bxe6 15.
Nac4 d5 16. exd5 Bxd5 17. Ne3 Re8 18. Qc2 Nc6 19. O-O-O Be6 20. Bc4 Nd4 21.
cxd4 cxd4 22. Nf5 Rc8 23. Nxh6+ Kf8 24. Qh7 Qf6 25. Rde1 Rc5 26. Ne4 Rxc4+ 27.
Kb1 Qg6 28. Qxg6 fxg6 29. Nd6 Rc6 30. Nxe8 Kxe8 31. Ng4 Kf8 32. f3 Bf5+ 33. Ka1
Rc2 34. Rc1 Rxg2 35. Rhg1 Re2 36. Rge1 d3 37. Rxe2 dxe2 38. Re1 Bd3 39. Nf2 Ba6
40. Ne4 Be5 41. g4 Ke7 42. a3 b6 43. Nc3 Bxc3 44. bxc3 Ke6 45. Kb2 Ke5 46. Kc1
Kf4 47. Kd2 Kxf3 48. Rh1 Bc4 49. Rh7 b5 50. Ke1 a5 51. a4 bxa4 52. Rc7 Bb3 53.
Rb7 Ke3 54. c4 Bxc4 55. Rb4 Bd3 56. Rxa4 Be4 57. Rxa5 Kf3 58. Rxg5 1/2-1/2

[Event "Madrid-chT 2324"]
[Site "Madrid"]
[Date "2024.01.21"]
[Round "6.3"]
[White "Alfaya Marcelo, Roberto"]
[Black "Renteria Becerra, Jorge Elicer"]
[Result "1-0"]
[WhiteElo "2318"]
[BlackElo "2236"]
[PlyCount "103"]
[EventDate "2023.11.19"]
[EventType "team-tourn"]
[EventRounds "14"]
[EventCountry "ESP"]
[SourceTitle "AjedrezenMadrid"]
[Source "lmi"]
[SourceDate "2023.11.19"]
[SourceVersion "1"]
[SourceVersionDate "2024.03.19"]
[SourceQuality "1"]
[WhiteTeam "San Sebastian de los Reyes"]
[BlackTeam "Blanco y Negro"]
[WhiteTeamCountry "ESP"]
[BlackTeamCountry "ESP"]

1. Nf3 d5 2. e3 Nf6 3. c4 e6 4. d4 c5 5. a3 Be7 6. dxc5 Bxc5 7. b4 Be7 8. Bb2
dxc4 9. Qxd8+ Bxd8 10. Bxc4 a6 11. Nbd2 b6 12. Ke2 Bb7 13. Ne5 Nc6 14. Nxc6
Bxc6 15. f3 O-O 16. Rac1 Bb7 17. Bd3 Nd5 18. Nc4 Bg5 19. Bd4 b5 20. Na5 Bc8 21.
Be4 Bd8 22. Nc6 Bb7 23. Bxd5 exd5 24. Nxd8 Rfxd8 25. Rc7 Bc8 26. Rhc1 Be6 27.
Bb6 Rdc8 28. Kd3 Rxc7 29. Rxc7 Kf8 30. Kd4 Ke8 31. Kc5 Rc8 32. Kc6 Rxc7+ 33.
Kxc7 Bf5 34. Kb7 Kd7 35. Bd4 g6 36. Kxa6 Kc6 37. a4 Bc8+ 38. Ka5 bxa4 39. b5+
Kb7 40. Kxa4 Bf5 41. Kb4 Bd3 42. Kc5 Bf1 43. g3 Bg2 44. f4 Be4 45. Kd6 Bd3 46.
b6 Bf5 47. Kxd5 h5 48. Ke5 Be6 49. e4 Bb3 50. f5 Bc2 51. fxg6 fxg6 52. Kd5 1-0

[Event "Madrid-chT 2324"]
[Site "Madrid"]
[Date "2024.01.21"]
[Round "6.3"]
[White "Jimenez Lopez, Antonio"]
[Black "Amador Garcia, Ismael"]
[Result "0-1"]
[WhiteElo "2195"]
[BlackElo "2204"]
[PlyCount "114"]
[EventDate "2023.11.19"]
[EventType "team-tourn"]
[EventRounds "14"]
[EventCountry "ESP"]
[SourceTitle "AjedrezenMadrid"]
[Source "lmi"]
[SourceDate "2023.11.19"]
[SourceVersion "1"]
[SourceVersionDate "2024.03.19"]
[SourceQuality "1"]
[WhiteTeam "San Fernando de Henares"]
[BlackTeam "Villalba 64"]
[WhiteTeamCountry "ESP"]
[BlackTeamCountry "ESP"]

1. e4 c5 2. Nf3 d6 3. c3 Nf6 4. Bd3 Nc6 5. Bc2 e5 6. d3 g6 7. O-O Bg7 8. Re1
O-O 9. Nbd2 Re8 10. a4 h6 11. Nf1 Rb8 12. h3 a6 13. Ne3 b5 14. axb5 axb5 15.
Bd2 d5 16. exd5 Nxd5 17. Nxd5 Qxd5 18. d4 cxd4 19. Be4 Qd7 20. Bxc6 Qxc6 21.
cxd4 exd4 22. Rxe8+ Qxe8 23. Bf4 Rb6 24. Nxd4 Qe4 25. Nf3 Re6 26. Qd2 g5 27.
Bg3 Bb7 28. Re1 Qf5 29. Rxe6 Qxe6 30. Ne1 Qd5 31. Qe2 Qe4 32. Qd2 b4 33. Bd6 b3
34. Bb4 Bxb2 35. Qxb2 Qxb4 36. Nf3 Bxf3 37. gxf3 Qc4 38. Qf6 Qd5 39. Kg2 Qd2
40. Qxh6 b2 41. Qb6 Qc2 42. Qd8+ Kg7 43. Qd4+ Kg6 44. Qd6+ f6 45. Qe6 b1=Q 46.
Qg8+ Kh5 47. Qh8+ Qh7 48. Qxf6 Qbf5 49. Qd4 Qhf7 50. Qc3 Q7f6 51. Qb3 Q6e6 52.
Qd1 Qxh3+ 53. Kg1 Kh6 54. Qa1 Kg6 55. Qc3 Qf6 56. Qc2+ Kh6 57. f4 Qg4+ 0-1

[Event "Madrid-chT 2324"]
[Site "Madrid"]
[Date "2024.01.21"]
[Round "6.3"]
[White "Ruiz Buendia, Miguel"]
[Black "Rey Martinez, Jaime"]
[Result "1/2-1/2"]
[WhiteElo "2294"]
[BlackElo "2342"]
[PlyCount "81"]
[EventDate "2023.11.19"]
[EventType "team-tourn"]
[EventRounds "14"]
[EventCountry "ESP"]
[SourceTitle "AjedrezenMadrid"]
[Source "lmi"]
[SourceDate "2023.11.19"]
[SourceVersion "1"]
[SourceVersionDate "2024.03.19"]
[SourceQuality "1"]
[WhiteTeam "Collado Villalba"]
[BlackTeam "Alcorcon Diagonal"]
[WhiteTeamCountry "ESP"]
[BlackTeamCountry "ESP"]

1. e4 c5 2. Nf3 Nc6 3. Bb5 g6 4. Bxc6 bxc6 5. O-O Bg7 6. Re1 Nf6 7. e5 Nd5 8.
c4 Nc7 9. Nc3 Ne6 10. d4 cxd4 11. Nxd4 O-O 12. Nxe6 fxe6 13. Qd4 d6 14. Bf4 Rb8
15. b3 c5 16. Qd2 Bb7 17. Rad1 d5 18. Bh6 dxc4 19. Bxg7 Qxd2 20. Rxd2 Kxg7 21.
bxc4 Bc6 22. Nd1 Rfd8 23. Rxd8 Rxd8 24. Ne3 Rd2 25. Ra1 Be4 26. h3 a5 27. a3
Bd3 28. Rc1 g5 29. g4 h5 30. gxh5 Kh6 31. Kg2 Kxh5 32. Kg3 a4 33. Rd1 Rxd1 34.
Nxd1 Bxc4 35. Nc3 Bb3 36. Ne4 c4 37. Nc3 Bc2 38. f3 Kh6 39. h4 gxh4+ 40. Kxh4
Kg6 41. Kg4 1/2-1/2

[Event "Madrid-chT 2324"]
[Site "Madrid"]
[Date "2024.01.21"]
[Round "6.4"]
[White "Alarcia Astiz, Carlos"]
[Black "Martinez Fernandez, Raul"]
[Result "1-0"]
[WhiteElo "2231"]
[BlackElo "2181"]
[PlyCount "71"]
[EventDate "2023.11.19"]
[EventType "team-tourn"]
[EventRounds "14"]
[EventCountry "ESP"]
[SourceTitle "AjedrezenMadrid"]
[Source "lmi"]
[SourceDate "2023.11.19"]
[SourceVersion "1"]
[SourceVersionDate "2024.03.19"]
[SourceQuality "1"]
[WhiteTeam "Blanco y Negro"]
[BlackTeam "San Sebastian de los Reyes"]
[WhiteTeamCountry "ESP"]
[BlackTeamCountry "ESP"]

1. e4 e5 2. Nf3 Nc6 3. Bc4 Nf6 4. d3 h6 5. O-O d6 6. c3 g5 7. Bb3 Bg7 8. Nbd2
O-O 9. a4 a5 10. Ne1 d5 11. Qe2 Ne7 12. Nc2 Ng6 13. g3 c6 14. Re1 Re8 15. Ne3
Bf8 16. Qf3 d4 17. Nf5 g4 18. Qe2 h5 19. f3 Ne7 20. fxg4 Nxg4 21. h3 Nxf5 22.
exf5 Qb6 23. Kh1 dxc3 24. bxc3 Nf6 25. Rb1 Qd8 26. Rf1 b5 27. Ne4 Nxe4 28. dxe4
bxa4 29. Ba2 Ra7 30. Qxh5 Qd3 31. Qg4+ Kh8 32. Bg5 Bg7 33. Rbe1 c5 34. Qh5+ Kg8
35. f6 Qxg3 36. Re3 1-0

[Event "Madrid-chT 2324"]
[Site "Madrid"]
[Date "2024.01.21"]
[Round "6.4"]
[White "Lozano Ramirez, Nestor Favian"]
[Black "Centeno Mendoza, Julio Stefano"]
[Result "1-0"]
[WhiteElo "2216"]
[BlackElo "2099"]
[PlyCount "115"]
[EventDate "2023.11.19"]
[EventType "team-tourn"]
[EventRounds "14"]
[EventCountry "ESP"]
[SourceTitle "AjedrezenMadrid"]
[Source "lmi"]
[SourceDate "2023.11.19"]
[SourceVersion "1"]
[SourceVersionDate "2024.03.19"]
[SourceQuality "1"]
[WhiteTeam "Alcorcon Diagonal"]
[BlackTeam "Collado Villalba"]
[WhiteTeamCountry "ESP"]
[BlackTeamCountry "ESP"]

1. c4 e6 2. g3 d5 3. Bg2 Nf6 4. Nf3 Be7 5. O-O O-O 6. b3 c5 7. Bb2 d4 8. b4 Nc6
9. b5 Na5 10. d3 Bd6 11. e4 e5 12. Nbd2 Re8 13. h3 b6 14. Nh2 Nb7 15. f4 Nd7
16. f5 Be7 17. h4 Nd6 18. Ndf3 Bb7 19. Qe2 g6 20. fxg6 fxg6 21. Bh3 Bf6 22.
Nxd4 exd4 23. Bxd7 Qxd7 24. Rxf6 Rf8 25. Raf1 Rxf6 26. Rxf6 Ne8 27. Rf2 h5 28.
Qf3 Qe7 29. Bc1 Ng7 30. Bg5 Qe6 31. Qf6 Re8 32. Qxe6+ Nxe6 33. Bh6 Bc8 34. Nf3
Kh7 35. Bd2 Nd8 36. Ng5+ Kg7 37. Bf4 Bg4 38. Bb8 Re7 39. Bd6 Re8 40. Kf1 Kg8
41. Ke1 Ne6 42. Nxe6 Bxe6 43. Rf6 Bf7 44. Bf4 Ra8 45. a4 Rc8 46. a5 Ra8 47.
axb6 axb6 48. Rxb6 Ra1+ 49. Kd2 Ra2+ 50. Kc1 Ra3 51. Kc2 g5 52. hxg5 h4 53.
gxh4 Bh5 54. Ra6 Rc3+ 55. Kd2 Rb3 56. Bd6 Rb2+ 57. Kc1 Rb3 58. Kc2 1-0

[Event "Madrid-chT 2324"]
[Site "Madrid"]
[Date "2024.01.21"]
[Round "6.4"]
[White "Pinto, Daniel"]
[Black "Garrido Olivares, Ricard"]
[Result "1-0"]
[WhiteElo "2241"]
[BlackElo "2143"]
[PlyCount "127"]
[EventDate "2023.11.19"]
[EventType "team-tourn"]
[EventRounds "14"]
[EventCountry "ESP"]
[SourceTitle "AjedrezenMadrid"]
[Source "lmi"]
[SourceDate "2023.11.19"]
[SourceVersion "1"]
[SourceVersionDate "2024.03.19"]
[SourceQuality "1"]
[WhiteTeam "Villalba 64"]
[BlackTeam "San Fernando de Henares"]
[WhiteTeamCountry "ESP"]
[BlackTeamCountry "ESP"]

1. e4 c6 2. d4 d5 3. e5 Bf5 4. Nf3 e6 5. Be2 c5 6. Be3 Qb6 7. Nc3 Nc6 8. O-O
Qxb2 9. Nb5 c4 10. Nc7+ Kd7 11. Nxa8 Bxc2 12. Qe1 Bb4 13. Bd2 Nge7 14. a3 Bxd2
15. Qxd2 c3 16. Qf4 Bg6 17. Rfe1 Rxa8 18. g4 Rc8 19. h4 c2 20. h5 Be4 21. Ng5
Nxd4 22. Bf1 h6 23. Nxe4 dxe4 24. Qxe4 Nd5 25. Rac1 Nb3 26. Rb1 cxb1=Q 27. Rxb1
Qd4 28. Qf3 Ke7 29. Rxb3 Rc7 30. Qe2 Nc3 31. Qf3 b6 32. Qg3 Rc5 33. Rb4 Qd1 34.
Kg2 Nd5 35. Qh4+ f6 36. Re4 Rc1 37. Bc4 Rxc4 38. exf6+ gxf6 39. Rxc4 Ne3+ 40.
fxe3 Qd5+ 41. Kg1 Qxc4 42. Qg3 e5 43. Qf3 Qc1+ 44. Kf2 Qxa3 45. Qb7+ Ke6 46.
Qc8+ Kd5 47. Qg8+ Kc6 48. Qe8+ Kb7 49. Qf7+ Ka6 50. Qxf6 Qb2+ 51. Kg3 Qc3 52.
Qxh6 Qe1+ 53. Kf3 Qf1+ 54. Ke4 Qg2+ 55. Kxe5 Qxg4 56. Qg6 Qh3 57. e4 Qh2+ 58.
Ke6 Qa2+ 59. Kf6 Qf2+ 60. Qf5 Qd4+ 61. e5 Qd8+ 62. Kf7 Qd5+ 63. Kg7 Qb7+ 64.
Kf6 1-0

[Event "Madrid-chT 2324"]
[Site "Madrid"]
[Date "2024.01.21"]
[Round "6.4"]
[White "Rodriguez Avila, Alvaro"]
[Black "Calvo Gonzalez, Jose Felix"]
[Result "0-1"]
[WhiteElo "2190"]
[BlackElo "2179"]
[PlyCount "90"]
[EventDate "2023.11.19"]
[EventType "team-tourn"]
[EventRounds "14"]
[EventCountry "ESP"]
[SourceTitle "AjedrezenMadrid"]
[Source "lmi"]
[SourceDate "2023.11.19"]
[SourceVersion "1"]
[SourceVersionDate "2024.03.19"]
[SourceQuality "1"]
[WhiteTeam "Tajamar"]
[BlackTeam "Mostoles"]
[WhiteTeamCountry "ESP"]
[BlackTeamCountry "ESP"]

1. e4 c5 2. Nf3 d6 3. d4 cxd4 4. Nxd4 Nf6 5. Nc3 a6 6. Bg5 e6 7. f4 Be7 8. Qf3
Qc7 9. O-O-O Nbd7 10. g4 b5 11. Bxf6 Nxf6 12. g5 Nd7 13. f5 Bxg5+ 14. Kb1 Ne5
15. Qh5 Qe7 16. Nxe6 Bxe6 17. fxe6 g6 18. exf7+ Kxf7 19. Qe2 Kg7 20. Nd5 Qa7
21. h4 Bh6 22. Bh3 Rhf8 23. Rh2 Rf3 24. h5 Raf8 25. hxg6 Rf2 26. Rxf2 Rxf2 27.
Qe1 Qc5 28. Nc3 Nf3 29. Qh1 hxg6 30. Rd5 Qe3 31. Rd3 Qf4 32. a3 Nd2+ 33. Ka1
Nc4 34. e5 Rxc2 35. Rd1 Rc1+ 36. Ka2 Rxd1 37. Qb7+ Kh8 38. Nxd1 Qxe5 39. Qxa6
Bg7 40. Qa8+ Kh7 41. Qg2 b4 42. Qc2 Na5 43. axb4 Qd5+ 44. b3 Nc6 45. Ka3 Qd4
0-1

[Event "Madrid-chT 2324"]
[Site "Madrid"]
[Date "2024.01.21"]
[Round "6.5"]
[White "Blanco Garcia, Liliam Barbara"]
[Black "Esquivias Quintero, Luis Manuel"]
[Result "0-1"]
[WhiteElo "2062"]
[BlackElo "2276"]
[PlyCount "80"]
[EventDate "2023.11.19"]
[EventType "team-tourn"]
[EventRounds "14"]
[EventCountry "ESP"]
[SourceTitle "AjedrezenMadrid"]
[Source "lmi"]
[SourceDate "2023.11.19"]
[SourceVersion "1"]
[SourceVersionDate "2024.03.19"]
[SourceQuality "1"]
[WhiteTeam "Collado Villalba"]
[BlackTeam "Alcorcon Diagonal"]
[WhiteTeamCountry "ESP"]
[BlackTeamCountry "ESP"]

1. e4 c5 2. c3 Nf6 3. e5 Nd5 4. Nf3 Nc6 5. Bc4 Nb6 6. Bb3 d5 7. exd6 Qxd6 8.
O-O Be6 9. d4 cxd4 10. Bxe6 Qxe6 11. Nxd4 Nxd4 12. Qxd4 Rd8 13. Qh4 h5 14. Be3
Qg4 15. Qxg4 hxg4 16. Na3 Rh5 17. Rfd1 e6 18. Bxb6 axb6 19. Nc4 Rhd5 20. Ne3
Rxd1+ 21. Rxd1 Rxd1+ 22. Nxd1 b5 23. Ne3 f5 24. Nc2 e5 25. Kf1 Kd7 26. Ke2 Kc6
27. Ne3 g6 28. h3 gxh3 29. gxh3 Bc5 30. Ng2 Be7 31. Ne3 Bg5 32. Nc2 Kd5 33.
Nb4+ Ke6 34. Nd3 Be7 35. Ne1 e4 36. Ng2 Bg5 37. f3 Ke5 38. b3 Be7 39. Ne3 Kf4
40. fxe4 Kxe4 0-1

[Event "Madrid-chT 2324"]
[Site "Madrid"]
[Date "2024.01.21"]
[Round "6.5"]
[White "Fernandez Alvarez, Luis"]
[Black "Lang, Zalan Andreas"]
[Result "0-1"]
[WhiteElo "2202"]
[BlackElo "2207"]
[PlyCount "110"]
[EventDate "2023.11.19"]
[EventType "team-tourn"]
[EventRounds "14"]
[EventCountry "ESP"]
[SourceTitle "AjedrezenMadrid"]
[Source "lmi"]
[SourceDate "2023.11.19"]
[SourceVersion "1"]
[SourceVersionDate "2024.03.19"]
[SourceQuality "1"]
[WhiteTeam "San Sebastian de los Reyes"]
[BlackTeam "Blanco y Negro"]
[WhiteTeamCountry "ESP"]
[BlackTeamCountry "ESP"]

1. e4 d6 2. d4 Nf6 3. Nc3 g6 4. Bg5 Bg7 5. e5 Nfd7 6. f4 O-O 7. Nf3 f6 8. exf6
exf6 9. Bh4 Re8+ 10. Be2 Nb6 11. O-O d5 12. b3 a5 13. a4 Nc6 14. Qd2 Ne7 15.
Rae1 Nf5 16. Bd3 Bd7 17. h3 Nd6 18. Ne5 Bf5 19. Ng4 Ne4 20. Nxe4 dxe4 21. Be2
c5 22. d5 Qd6 23. Ne3 Bd7 24. f5 Rf8 25. Bg4 Bh6 26. c4 Bf4 27. Qf2 g5 28. g3
Be5 29. Bxg5 fxg5 30. Kg2 Bd4 31. Qd2 Qe5 32. Re2 Be8 33. Nc2 Bf7 34. Qxg5+ Kh8
35. Rf4 e3 36. Nxe3 Rg8 37. Qh6 Bxe3 38. Qxb6 Rae8 39. Rf3 Qd4 40. Qxb7 Bg5 41.
Rxe8 Rxe8 42. Rf2 Re7 43. Qb8+ Kg7 44. d6 Re3 45. Qc7 Qe5 46. Bf3 Rxb3 47. Re2
Re3 48. Rxe3 Qxe3 49. h4 Qd2+ 50. Kh3 Qd3 51. hxg5 Qxf3 52. d7 Qh1+ 53. Kg4
Bh5+ 54. Kf4 Qf3+ 55. Ke5 Qxg3+ 0-1

[Event "Madrid-chT 2324"]
[Site "Madrid"]
[Date "2024.01.21"]
[Round "6.5"]
[White "Gallego Bergada, Antoni"]
[Black "Perdomo Araujo, Angel Eduardo"]
[Result "1-0"]
[WhiteElo "2126"]
[BlackElo "1963"]
[PlyCount "103"]
[EventDate "2023.11.19"]
[EventType "team-tourn"]
[EventRounds "14"]
[EventCountry "ESP"]
[SourceTitle "AjedrezenMadrid"]
[Source "lmi"]
[SourceDate "2023.11.19"]
[SourceVersion "1"]
[SourceVersionDate "2024.03.19"]
[SourceQuality "1"]
[WhiteTeam "San Fernando de Henares"]
[BlackTeam "Villalba 64"]
[WhiteTeamCountry "ESP"]
[BlackTeamCountry "ESP"]

1. d4 Nf6 2. Nc3 d5 3. e4 dxe4 4. f3 e3 5. Bxe3 g6 6. Bc4 Bg7 7. Qd2 Nc6 8. a3
a6 9. Nge2 b5 10. Ba2 e6 11. O-O O-O 12. Rad1 Ne7 13. Bg5 Bb7 14. Ng3 Nf5 15.
Nxf5 exf5 16. Bh6 Qd6 17. Rfe1 Rfe8 18. Bf4 Qd7 19. Be5 Rad8 20. Qf2 Nd5 21.
Nxd5 Bxd5 22. Bxg7 Kxg7 23. Bxd5 Qxd5 24. c3 Re6 25. Rxe6 fxe6 26. Re1 c6 27.
h3 a5 28. Re5 Qd6 29. Qe3 Re8 30. a4 bxa4 31. Rxa5 Re7 32. Re5 a3 33. bxa3 Qxa3
34. Rc5 Qa8 35. Qe5+ Kf7 36. Qd6 Qa1+ 37. Kh2 g5 38. Rxc6 Qc1 39. d5 Qf4+ 40.
Qxf4 gxf4 41. d6 Rd7 42. c4 Kf6 43. c5 Ke5 44. Rc7 Rd8 45. d7 Kd5 46. c6 Kd6
47. Rc8 Ke7 48. Kg1 e5 49. Kf2 h5 50. h4 e4 51. fxe4 fxe4 52. Ke2 1-0

[Event "Madrid-chT 2324"]
[Site "Madrid"]
[Date "2024.01.21"]
[Round "6.5"]
[White "Medina Riesgo, Pedro"]
[Black "Rodriguez Lopez, David"]
[Result "0-1"]
[WhiteElo "2167"]
[BlackElo "2161"]
[PlyCount "120"]
[EventDate "2023.11.19"]
[EventType "team-tourn"]
[EventRounds "14"]
[EventCountry "ESP"]
[SourceTitle "AjedrezenMadrid"]
[Source "lmi"]
[SourceDate "2023.11.19"]
[SourceVersion "1"]
[SourceVersionDate "2024.03.19"]
[SourceQuality "1"]
[WhiteTeam "Mostoles"]
[BlackTeam "Tajamar"]
[WhiteTeamCountry "ESP"]
[BlackTeamCountry "ESP"]

1. e4 e5 2. Nf3 Nc6 3. Bb5 a6 4. Ba4 Nf6 5. d3 d6 6. c3 g6 7. Nbd2 Bg7 8. Nf1
O-O 9. Ng3 b5 10. Bb3 Na5 11. Bc2 c5 12. Qe2 Qc7 13. O-O d5 14. a4 dxe4 15.
dxe4 Be6 16. Be3 Bc4 17. Bd3 Bxd3 18. Qxd3 c4 19. Qe2 Nb3 20. Ra3 Nd7 21. Ne1
Rfd8 22. axb5 axb5 23. Rxa8 Rxa8 24. Nc2 Bf8 25. Bc1 Ndc5 26. Nb4 Nxc1 27. Rxc1
Nb3 28. Rb1 Bxb4 29. cxb4 Rd8 30. h4 h5 31. Qe3 Qe7 32. Qb6 Nd4 33. Qc5 Qxc5
34. bxc5 Rc8 35. Nf1 Ne2+ 36. Kh2 Rxc5 37. Ra1 Nf4 38. Rc1 Rc8 39. Ne3 Ra8 40.
Rc2 Ra1 41. g3 Nd3 42. Nd5 Rb1 43. Nc3 Rxb2 44. Rxb2 Nxb2 45. Nxb5 Kf8 46. Kg2
Ke7 47. Kf1 Kd7 48. Ke2 Kc6 49. Na3 Kc5 50. Nc2 Nd3 51. Ke3 Nb4 52. Na3 Nc6 53.
Nc2 Nd4 54. Ne1 Kb4 55. f4 Kb3 56. Kd2 c3+ 57. Kd3 f6 58. g4 hxg4 59. f5 gxf5
60. h5 g3 0-1

[Event "Madrid-chT 2324"]
[Site "Madrid"]
[Date "2024.01.21"]
[Round "6.6"]
[White "Armenteros Peral, Javier"]
[Black "Quevedo Marin, Manuel"]
[Result "1/2-1/2"]
[WhiteElo "2001"]
[BlackElo "2119"]
[PlyCount "108"]
[EventDate "2023.11.19"]
[EventType "team-tourn"]
[EventRounds "14"]
[EventCountry "ESP"]
[SourceTitle "AjedrezenMadrid"]
[Source "lmi"]
[SourceDate "2023.11.19"]
[SourceVersion "1"]
[SourceVersionDate "2024.03.19"]
[SourceQuality "1"]
[WhiteTeam "Blanco y Negro"]
[BlackTeam "San Sebastian de los Reyes"]
[WhiteTeamCountry "ESP"]
[BlackTeamCountry "ESP"]

1. e4 c5 2. Nf3 Nc6 3. d4 cxd4 4. Nxd4 e5 5. Nb5 d6 6. N1c3 a6 7. Na3 Be7 8.
Be3 Nf6 9. Nc4 Be6 10. Nb6 Rb8 11. Bd3 Ng4 12. Nbd5 Nxe3 13. Nxe3 Bg5 14. Ncd5
Bxe3 15. Nxe3 Qb6 16. b3 O-O 17. O-O Rbd8 18. Bc4 Qc5 19. Bd5 b5 20. c4 Nd4 21.
Rc1 Bd7 22. Qd2 b4 23. Nc2 Nxc2 24. Rxc2 Kh8 25. Kh1 f5 26. f4 fxe4 27. Bxe4
exf4 28. Bd5 Rde8 29. Rcc1 Re3 30. Rce1 Rfe8 31. Rc1 Bf5 32. Rxf4 Re2 33. Qd1
g6 34. Qf1 h5 35. Bf7 R8e7 36. Bd5 Qe3 37. Rf3 Qd2 38. Rd1 Qc2 39. Qg1 Kh7 40.
Rff1 R7e3 41. Bf3 Be4 42. Bxe4 Qxe4 43. Rf2 Re1 44. Rf1 Rxd1 45. Rxd1 Re2 46.
Qa7+ Kh6 47. Rg1 Rxa2 48. Qb6 Qe5 49. Qxb4 a5 50. Qb8 h4 51. h3 Ra1 52. Qf8+
Kh7 53. Qf7+ Kh6 54. Qf8+ Kh7 1/2-1/2

[Event "Madrid-chT 2324"]
[Site "Madrid"]
[Date "2024.01.21"]
[Round "6.6"]
[White "Fuentes Perez, Noe"]
[Black "Sempere Domenech, Abel"]
[Result "1-0"]
[WhiteElo "1928"]
[BlackElo "2014"]
[PlyCount "67"]
[EventDate "2023.11.19"]
[EventType "team-tourn"]
[EventRounds "14"]
[EventCountry "ESP"]
[SourceTitle "AjedrezenMadrid"]
[Source "lmi"]
[SourceDate "2023.11.19"]
[SourceVersion "1"]
[SourceVersionDate "2024.03.19"]
[SourceQuality "1"]
[WhiteTeam "Villalba 64"]
[BlackTeam "San Fernando de Henares"]
[WhiteTeamCountry "ESP"]
[BlackTeamCountry "ESP"]

1. e4 e5 2. Bc4 Nf6 3. d4 exd4 4. Nf3 Nxe4 5. Qxd4 Nf6 6. Bg5 Be7 7. Nc3 O-O 8.
O-O-O d6 9. Bd3 Nbd7 10. Rhe1 Re8 11. Qh4 h6 12. g4 Nf8 13. Rxe7 hxg5 14. Rxe8
Qxe8 15. Nxg5 Bxg4 16. Rg1 Bh5 17. Nge4 Nxe4 18. Nd5 Ng6 19. Qxh5 Nxf2 20. Nf6+
gxf6 21. Bxg6 fxg6 22. Rxg6+ Kf7 23. Rg3+ Kf8 24. Qh8+ Kf7 25. Qg7+ Ke6 26.
Re3+ Kd5 27. c4+ Kc6 28. Qg2+ Kb6 29. Rxe8 Nd3+ 30. Kd2 Rxe8 31. Kxd3 f5 32.
Qf2+ c5 33. Qxf5 Re1 34. Kd2 1-0

[Event "Madrid-chT 2324"]
[Site "Madrid"]
[Date "2024.01.21"]
[Round "6.6"]
[White "Garcia Dorado, Alberto"]
[Black "Pastor Alonso de Prado, Emilio Alberto"]
[Result "1/2-1/2"]
[WhiteElo "2217"]
[BlackElo "1905"]
[PlyCount "78"]
[EventDate "2023.11.19"]
[EventType "team-tourn"]
[EventRounds "14"]
[EventCountry "ESP"]
[SourceTitle "AjedrezenMadrid"]
[Source "lmi"]
[SourceDate "2023.11.19"]
[SourceVersion "1"]
[SourceVersionDate "2024.03.19"]
[SourceQuality "1"]
[WhiteTeam "Alcorcon Diagonal"]
[BlackTeam "Collado Villalba"]
[WhiteTeamCountry "ESP"]
[BlackTeamCountry "ESP"]

1. d4 d5 2. c4 e6 3. Nc3 Nf6 4. cxd5 exd5 5. Bg5 c6 6. e3 Be7 7. Bd3 Nbd7 8. h3
O-O 9. Qc2 Re8 10. Nf3 h6 11. Bf4 Nf8 12. O-O Bd6 13. Ne5 a6 14. Bh2 c5 15. f4
b5 16. a3 Qb6 17. Kh1 Bb7 18. Qf2 Rad8 19. Rae1 cxd4 20. exd4 Ne4 21. Qc2 Rc8
22. Bxe4 dxe4 23. Qb3 Bxe5 24. fxe5 Rc4 25. Nxe4 Qg6 26. Rf4 Rxd4 27. Rg4 Rxe4
28. Rexe4 Bxe4 29. Rxg6 Nxg6 30. Qe3 f5 31. Qb6 Kh7 32. Bg1 Nf4 33. Kh2 Re6 34.
Qa7 Nxg2 35. Kg3 Rg6+ 36. Kf2 Nf4 37. Ke1 Nd3+ 38. Kd2 Nxe5 39. Bd4 Nc6 1/2-1/2

[Event "Madrid-chT 2324"]
[Site "Madrid"]
[Date "2024.01.21"]
[Round "6.6"]
[White "Martinez Aragon, Aitor"]
[Black "Guillo Longares, Cecilia"]
[Result "1/2-1/2"]
[WhiteElo "1979"]
[BlackElo "2096"]
[PlyCount "70"]
[EventDate "2023.11.19"]
[EventType "team-tourn"]
[EventRounds "14"]
[EventCountry "ESP"]
[SourceTitle "AjedrezenMadrid"]
[Source "lmi"]
[SourceDate "2023.11.19"]
[SourceVersion "1"]
[SourceVersionDate "2024.03.19"]
[SourceQuality "1"]
[WhiteTeam "Tajamar"]
[BlackTeam "Mostoles"]
[WhiteTeamCountry "ESP"]
[BlackTeamCountry "ESP"]

1. e4 c5 2. Nf3 Nc6 3. d4 cxd4 4. Nxd4 g6 5. c4 Bg7 6. Be3 Qb6 7. Nb5 Qa5+ 8.
N5c3 Qb4 9. Qc1 Nf6 10. f3 O-O 11. Be2 a5 12. a3 Qd6 13. c5 Qb8 14. Na4 d5 15.
Nb6 dxe4 16. Nxa8 exf3 17. Bxf3 Ne5 18. Be2 Qxa8 19. O-O Nfg4 20. Nc3 Be6 21.
Kh1 Nxe3 22. Qxe3 Nc4 23. Bxc4 Bxc4 24. Rfd1 Be6 25. Rd2 Qa6 26. Rad1 Bg4 27.
Re1 Be6 28. Nd5 Bxd5 29. Rxd5 e6 30. Rd2 Qb5 31. Red1 Bf6 32. Qf3 Kg7 33. Rc2
a4 34. Rf1 Bd4 35. Rfc1 Rc8 1/2-1/2

[Event "Madrid-chT 2324"]
[Site "Madrid"]
[Date "2024.01.27"]
[Round "7.1"]
[White "Martinez Reyes, Pedro Ramon"]
[Black "Fernandez Blazquez, Diego"]
[Result "1-0"]
[WhiteElo "2342"]
[BlackElo "2223"]
[PlyCount "65"]
[EventDate "2023.11.19"]
[EventType "team-tourn"]
[EventRounds "14"]
[EventCountry "ESP"]
[SourceTitle "AjedrezenMadrid"]
[Source "lmi"]
[SourceDate "2023.11.19"]
[SourceVersion "1"]
[SourceVersionDate "2024.03.19"]
[SourceQuality "1"]
[WhiteTeam "Blanco y Negro"]
[BlackTeam "San Fernando de Henares"]
[WhiteTeamCountry "ESP"]
[BlackTeamCountry "ESP"]

1. e4 c5 2. c3 Nf6 3. e5 Nd5 4. Nf3 Nc6 5. Bc4 Nb6 6. Bb3 d5 7. exd6 Qxd6 8.
O-O Bf5 9. Na3 Bd3 10. Re1 e6 11. Ng5 c4 12. Bc2 Be7 13. Ne4 Qd7 14. b3 O-O 15.
bxc4 Nxc4 16. Nxc4 Bxc4 17. d4 f5 18. Nd2 Bd5 19. c4 Bxg2 20. Kxg2 Qxd4 21. Rb1
Rad8 22. Qe2 Rf6 23. Kh1 Qc3 24. Nf3 Rg6 25. Bb2 Qa5 26. Rg1 Rd6 27. Rxg6 hxg6
28. Rd1 Rxd1+ 29. Bxd1 Nd8 30. Bb3 Qb6 31. Ne5 Bf6 32. Kg1 g5 33. Nd7 1-0